[Event "PRO League Group Stage"]
[Site "chess.com INT"]
[Date "2020.01.29"]
[Round "4"]
[White "Li, Chao b"]
[Black "Gledura, Benjamin"]
[Result "1/2-1/2"]
[WhiteTitle "GM"]
[BlackTitle "GM"]
[WhiteElo "2683"]
[BlackElo "2626"]
[WhiteTeam "China Pandas"]
[BlackTeam "Hungary Hunters"]
[WhiteFideId "8604436"]
[BlackFideId "712779"]
[EventDate "2020.01.06"]

1. e4 e5 2. Nf3 Nc6 3. Nc3 Nf6 4. Bb5 Bb4 5. O-O O-O 6. a3 Bxc3 7. dxc3 d6 8.
Re1 h6 9. h3 Ne7 10. a4 Ng6 11. Bf1 Be6 12. c4 Nd7 13. b3 a5 14. g3 b6 15. Bg2
Nc5 16. Nh2 Qd7 17. h4 Ne7 18. Be3 Rae8 19. Qd2 f5 20. Bxc5 bxc5 21. Qxa5 f4 22.
Qd2 Nc6 23. a5 Nd4 24. a6 Bh3 25. Bh1 Qf7 26. Ra2 Qg6 27. Qd3 h5 28. c3 Ne6 29.
Bg2 Bxg2 30. Kxg2 Qf6 31. a7 Ra8 32. Rea1 g5 33. Nf3 fxg3 34. fxg3 gxh4 35. Ng1
Qg6 36. Nh3 Nf4+ 37. Nxf4 exf4 38. Rf1 Kg7 39. Qf3 fxg3 40. Qxf8+ Rxf8 41. Rxf8
Qg4 42. a8=Q h3+ 43. Kg1 Qd1+ 44. Rf1 h2+ 45. Kg2 Qxf1+ 46. Kxf1 h1=Q+ 47. Ke2
g2 48. Ra1 g1=Q 49. Rxg1+ Qxg1 50. Qd8 Qg2+ 51. Ke3 Qg3+ 52. Ke2 Qg2+ 53. Ke3
Qg3+ 54. Ke2 Qg2+ 1/2-1/2

[Event "PRO League Group Stage"]
[Site "chess.com INT"]
[Date "2020.01.29"]
[Round "4"]
[White "Erdos, Viktor"]
[Black "Xu, Xiangyu"]
[Result "1-0"]
[WhiteTitle "GM"]
[BlackTitle "GM"]
[WhiteElo "2621"]
[BlackElo "2580"]
[WhiteTeam "Hungary Hunters"]
[BlackTeam "China Pandas"]
[WhiteFideId "719978"]
[BlackFideId "8608288"]
[EventDate "2020.01.06"]

1. Nf3 d5 2. d4 Bf5 3. c4 e6 4. Nc3 Nc6 5. a3 Nf6 6. e3 Be7 7. b4 O-O 8. Bb2 Ne4
9. Rc1 Bf6 10. Be2 a5 11. b5 Ne7 12. O-O c5 13. bxc6 bxc6 14. Nxe4 dxe4 15. Ne5
c5 16. Qa4 cxd4 17. Bxd4 Qc7 18. Nd7 Bxd4 19. Nxf8 Ba7 20. Nd7 e5 21. Rfd1 Nc6
22. c5 Bxd7 23. Bb5 Be8 24. Qxe4 Rc8 25. h4 Qe7 26. Rd5 Kh8 27. a4 f6 28. Rd6
Bxc5 29. Rxc6 Bxc6 30. Bxc6 Bb4 31. Qf5 Rc7 32. h5 Qd6 33. Qc2 h6 34. Qg6 Qf8
35. Rc4 Qc8 36. Be4 Kg8 37. Bd5+ Kf8 38. Qf7+ 1-0

[Event "PRO League Group Stage"]
[Site "chess.com INT"]
[Date "2020.01.29"]
[Round "4"]
[White "Papp, Gabor1"]
[Black "Wang, Yue"]
[Result "1/2-1/2"]
[WhiteTitle "GM"]
[BlackTitle "GM"]
[WhiteElo "2595"]
[BlackElo "2669"]
[WhiteTeam "Hungary Hunters"]
[BlackTeam "China Pandas"]
[WhiteFideId "718602"]
[BlackFideId "8601429"]
[EventDate "2020.01.06"]

1. e4 c5 2. Nf3 e6 3. d4 cxd4 4. Nxd4 Nc6 5. Nc3 Qc7 6. Be3 a6 7. a3 Nf6 8. f4
d6 9. Qf3 Be7 10. O-O-O Nxd4 11. Bxd4 Bd7 12. e5 dxe5 13. Bxe5 Qb6 14. Qg3 g6
15. Be2 Bc6 16. Bd4 Qc7 17. Be5 Qb6 18. Bd4 Qc7 19. Be5 Qb6 1/2-1/2

[Event "PRO League Group Stage"]
[Site "chess.com INT"]
[Date "2020.01.29"]
[Round "4"]
[White "Banusz, Tamas"]
[Black "Li, Chao b"]
[Result "0-1"]
[WhiteTitle "GM"]
[BlackTitle "GM"]
[WhiteElo "2620"]
[BlackElo "2683"]
[WhiteTeam "Hungary Hunters"]
[BlackTeam "China Pandas"]
[WhiteFideId "722413"]
[BlackFideId "8604436"]
[EventDate "2020.01.06"]

1. Nf3 Nf6 2. g3 g6 3. Bg2 Bg7 4. O-O O-O 5. d4 d5 6. c4 c5 7. dxc5 dxc4 8. Na3
c3 9. Nb5 Na6 10. Nxc3 Nxc5 11. Be3 Nce4 12. Nxe4 Nxe4 13. Bd4 Bxd4 14. Qxd4
Qxd4 15. Nxd4 Nd6 16. Rac1 Rd8 17. f4 Bd7 18. Rc7 Rac8 19. Rfc1 Kg7 20. Kf2 b6
21. R1c3 a5 22. Bf3 Kf6 23. Bb7 Rxc7 24. Rxc7 Ne8 25. Rc3 Nd6 26. Bg2 Rc8 27.
Rxc8 Bxc8 28. b3 e5 29. Nc2 Nb5 30. Bc6 Nc3 31. a3 Ba6 32. e3 Bd3 33. Ne1 Be4
34. Bxe4 Nxe4+ 35. Ke2 Ke6 36. Nf3 f6 37. fxe5 fxe5 38. Kd3 Kd5 39. g4 Nf2+ 40.
Ke2 Nxg4 41. Ng5 Nf6 42. Kd3 h6 43. Nf7 Ng4 44. h3 Nf2+ 45. Ke2 Nxh3 46. Nxh6
Ng5 47. Ng4 Ke6 48. Kd3 Nf7 49. e4 Nd6 50. b4 a4 51. Ne3 g5 52. Nd5 b5 53. Ke3
Nc4+ 0-1

[Event "PRO League Group Stage"]
[Site "chess.com INT"]
[Date "2020.01.29"]
[Round "4"]
[White "Wang, Yue"]
[Black "Erdos, Viktor"]
[Result "1/2-1/2"]
[WhiteTitle "GM"]
[BlackTitle "GM"]
[WhiteElo "2669"]
[BlackElo "2621"]
[WhiteTeam "China Pandas"]
[BlackTeam "Hungary Hunters"]
[WhiteFideId "8601429"]
[BlackFideId "719978"]
[EventDate "2020.01.06"]

1. d4 Nf6 2. c4 g6 3. g3 d5 4. cxd5 c6 5. dxc6 Nxc6 6. Nf3 e5 7. e3 exd4 8. exd4
Bb4+ 9. Nc3 O-O 10. Bg2 Re8+ 11. Kf1 Bf5 12. Bg5 Qd6 13. Kg1 Ne4 14. Nxe4 Bxe4
15. h4 Qd5 16. Qb3 Qxb3 17. axb3 h5 18. Kh2 Bd5 19. Be3 Rad8 20. Ng5 Bxb3 21.
Bxc6 bxc6 22. Rxa7 Bd5 23. Rha1 Bf8 24. Nh3 Rb8 25. Nf4 Bf3 26. Nd3 Bd6 27. Ne5
Bxe5 28. dxe5 Rxb2 29. Ra8 Rbb8 30. Rxb8 Rxb8 31. Bg5 c5 32. Ra3 Bd5 33. Rd3 Be4
34. Rd8+ Rxd8 35. Bxd8 c4 36. Ba5 Kf8 37. Kg1 Ke7 38. Kf1 Ke6 39. Bc3 Bf3 40.
Ke1 Kf5 41. Kd2 Ke4 42. Bb2 Bg2 43. Bc3 Bf1 44. Bb2 1/2-1/2

[Event "PRO League Group Stage"]
[Site "chess.com INT"]
[Date "2020.01.29"]
[Round "4"]
[White "Xu, Xiangyu"]
[Black "Papp, Gabor1"]
[Result "0-1"]
[WhiteTitle "GM"]
[BlackTitle "GM"]
[WhiteElo "2580"]
[BlackElo "2595"]
[WhiteTeam "China Pandas"]
[BlackTeam "Hungary Hunters"]
[WhiteFideId "8608288"]
[BlackFideId "718602"]
[EventDate "2020.01.06"]

1. e4 c5 2. Nf3 d6 3. Bb5+ Nd7 4. Bf1 Ngf6 5. Nc3 g6 6. g3 Bg7 7. Bg2 O-O 8. O-O
a6 9. a4 b6 10. e5 dxe5 11. Nxe5 Nxe5 12. Bxa8 Bg4 13. f3 Bh3 14. Bb7 Bxf1 15.
Qxf1 Qd4+ 16. Qf2 Rb8 17. Bxa6 Nxf3+ 18. Kg2 Qxf2+ 19. Kxf2 Nd4 20. d3 Ng4+ 21.
Kg2 Nxc2 22. Rb1 Nb4 23. Bb5 Rd8 24. Bf4 e5 25. Bg5 f6 26. h3 fxg5 27. hxg4 Nxd3
28. Bc4+ Kh8 29. Nd5 e4 30. Nxb6 Nxb2 31. a5 h5 32. Bd5 e3 33. Re1 Bd4 34. a6 c4
35. a7 Bxb6 36. a8=Q Rxa8 37. Bxa8 Nd3 38. Re2 hxg4 39. Bd5 c3 40. Be4 Nb4 41.
Kf1 Kg7 42. Ke1 Kf6 43. Kd1 Ke5 44. Bxg6 Kd4 45. Rh2 Bc7 46. Rh5 c2+ 47. Bxc2
Nxc2 48. Kxc2 Bxg3 49. Rxg5 e2 50. Rxg4+ Kd5 51. Rg5+ Kd6 52. Rg6+ Ke7 53. Rg7+
Kf6 54. Rxg3 e1=Q 55. Rf3+ Ke5 56. Rd3 Qa1 57. Kb3 Ke4 58. Rc3 Kd4 59. Rc8 Qb1+
60. Ka3 Qb6 61. Rc1 Kd3 62. Ka2 Qa5+ 63. Kb3 Qb5+ 64. Ka3 Kd2 0-1

[Event "PRO League Group Stage"]
[Site "chess.com INT"]
[Date "2020.01.29"]
[Round "4"]
[White "Can, Isik"]
[Black "Harikrishna, Pentala"]
[Result "0-1"]
[WhiteTitle "IM"]
[BlackTitle "GM"]
[WhiteElo "2374"]
[BlackElo "2716"]
[WhiteTeam "Turkey Knights"]
[BlackTeam "India Yogis"]
[WhiteFideId "6383742"]
[BlackFideId "5007003"]
[EventDate "2020.01.06"]

1. e4 c6 2. d4 d5 3. e5 Bf5 4. Nf3 e6 5. Be2 Ne7 6. O-O c5 7. dxc5 Nec6 8. Be3
Nd7 9. c4 dxc4 10. Na3 Bxc5 11. Nxc4 Bxe3 12. Nd6+ Ke7 13. Nxf5+ exf5 14. fxe3
Ndxe5 15. Qb3 Qc7 16. Nxe5 Nxe5 17. Rac1 Qb6 18. Qa3+ Kf6 19. Rc5 Rhe8 20. Qc3
g6 21. g4 Qe6 22. gxf5 gxf5 23. e4 Kg7 24. Rxf5 f6 25. Rc7+ Re7 26. Qc5 Rxc7 27.
Qxc7+ Qf7 28. Qxf7+ Kxf7 29. Kf2 Rc8 30. Bd1 Rc1 31. Bb3+ Kg7 32. Kg3 Rg1+ 33.
Kh3 Re1 34. Bd5 Re2 35. Bxb7 Rxb2 36. Bd5 Kg6 37. Rf1 h5 38. Kg3 Rd2 39. Rg1 Kh6
40. Rf1 Kg7 41. Rg1 Ng6 42. Be6 Kh6 43. h3 h4+ 44. Kf3 Ne5+ 45. Ke3 Rd3+ 46. Ke2
Rg3 47. Rd1 Kg5 48. Rf1 Rg2+ 49. Ke3 Rg3+ 50. Ke2 a5 51. Rf5+ Kg6 52. Rf4 Kg5
53. Rf5+ Kg6 54. Rf4 Nd3 55. Rxh4 Kg5 56. Rg4+ Rxg4 57. hxg4 Nf4+ 0-1

[Event "PRO League Group Stage"]
[Site "chess.com INT"]
[Date "2020.01.29"]
[Round "4"]
[White "Tanriverdi, Enes"]
[Black "Sethuraman, S.P."]
[Result "1-0"]
[WhiteTitle "FM"]
[BlackTitle "GM"]
[WhiteElo "2400"]
[BlackElo "2638"]
[WhiteTeam "Turkey Knights"]
[BlackTeam "India Yogis"]
[WhiteFideId "34543279"]
[BlackFideId "5021596"]
[EventDate "2020.01.06"]

1. d4 Nf6 2. c4 e6 3. Nf3 b6 4. g3 Bb7 5. Bg2 Be7 6. O-O O-O 7. Nc3 Ne4 8. Bd2
Bf6 9. Rc1 d6 10. d5 Nxd2 11. Nxd2 e5 12. Qc2 Nd7 13. Rfd1 a5 14. a3 g6 15. b4
Qe7 16. Nb5 Rfc8 17. Ne4 axb4 18. axb4 Ba6 19. Nec3 Bg7 20. e4 Bb7 21. Bh3 Qd8
22. Ra1 Rcb8 23. Na7 Nf6 24. Ra2 h5 25. Rda1 Bf8 26. Ra4 Ne8 27. R1a3 Qg5 28.
Nc6 Bxc6 29. dxc6 Rxa4 30. Rxa4 h4 31. Nd5 hxg3 32. hxg3 Qd8 33. Ra7 Ra8 34. Qa4
Rb8 35. Bd7 Nf6 36. Nxc7 Nxe4 37. Nd5 Qg5 38. Qc2 Nxg3 39. fxg3 Qxg3+ 40. Qg2
Qe1+ 41. Kh2 Qh4+ 42. Bh3 Bh6 43. c7 Rf8 44. Rb7 Bf4+ 45. Nxf4 Qxf4+ 46. Kh1
Qc1+ 47. Qf1 Qe3 48. Rb8 Qe4+ 49. Kh2 Qc2+ 50. Qg2 Qxc4 51. Rxf8+ Kxf8 52. c8=Q+ 1-0

[Event "PRO League Group Stage"]
[Site "chess.com INT"]
[Date "2020.01.29"]
[Round "4"]
[White "Nihal, Sarin"]
[Black "Rambaldi, Francesco"]
[Result "1-0"]
[WhiteTitle "GM"]
[BlackTitle "GM"]
[WhiteElo "2618"]
[BlackElo "2570"]
[WhiteTeam "India Yogis"]
[BlackTeam "Turkey Knights"]
[WhiteFideId "25092340"]
[BlackFideId "20657307"]
[EventDate "2020.01.06"]

1. Nf3 d5 2. e3 Nf6 3. c4 e6 4. b3 Bd6 5. Bb2 O-O 6. Nc3 b6 7. Rc1 dxc4 8. Bxc4
Bb7 9. d4 c5 10. dxc5 Bxc5 11. Qxd8 Rxd8 12. Ke2 Nbd7 13. Rhd1 a6 14. Na4 Be7
15. Bxf6 Bxf6 16. Rxd7 Rxd7 17. Nxb6 Rad8 18. Nxd7 Rxd7 19. Bd3 Kf8 20. Rc4
Bxf3+ 21. gxf3 a5 22. Be4 Ra7 23. f4 g6 24. a3 Be7 25. Ra4 Bd8 26. b4 Ke7 27. b5
Bb6 28. Rc4 Rc7 29. Bc6 Rc8 30. a4 f5 31. Rc1 Kf6 32. h4 Ke7 33. Rh1 Kf6 34. h5
Kg7 35. hxg6 hxg6 36. Kf3 Rd8 37. Rc1 Rc8 38. Ke2 Kf6 39. Rh1 Kg7 40. Rg1 Kf6
41. Kf3 Rd8 42. Rc1 Rc8 43. Rc2 Ke7 44. Ra2 Rd8 45. Ra1 Kf6 46. Ke2 Rc8 47. Rb1
Kf7 48. Kf3 Kf6 49. Rh1 Kg7 50. Bd7 Rc4 51. Bxe6 Rxa4 52. Rd1 Rb4 53. Rd7+ Kh8
54. Bf7 a4 55. Bxg6 a3 56. Bxf5 Rxb5 57. Be6 Rb2 58. Rd3 Bc5 59. Rc3 Bb4 60. Rc7
Be1 61. Ra7 Rxf2+ 62. Ke4 Bb4 63. Kf5 Bc5 64. Ra8+ Kg7 65. e4 Be3 66. Rxa3 Bxf4
67. Ra7+ Kh6 68. Kg4 Be3 69. Ra4 Rf4+ 70. Kg3 Rf8 71. Bf5 Kg5 72. Kf3 Bb6 73.
Ra6 Rb8 74. Ra2 Kf6 75. Rc2 Ke5 76. Rc6 Bd8 77. Re6+ Kd4 78. Rd6+ Ke5 79. Rd5+
Kf6 80. Kf4 Bc7+ 81. e5+ Bxe5+ 82. Rxe5 Rb6 83. Be4 Re6 84. Rh5 Ke7 85. Bd5 Re1
86. Rh6 Kd7 87. Be4 Kc7 88. Ke5 Rd1 89. Bd5 Re1+ 90. Kd4 Kd7 91. Kc5 Ke7 92. Kd4
Kd7 93. Rg6 Ke7 94. Be4 Kf7 95. Rb6 Kg7 96. Ke5 Rf1 97. Rg6+ Kf7 98. Rg2 Ke7 99.
Rb2 Kd7 100. Rb7+ Kc8 101. Rg7 Rd1 102. Bd5 Kb8 103. Kd6 Rc1 104. Rb7+ Kc8 105.
Rb2 Rc3 106. Be6+ 1-0

[Event "PRO League Group Stage"]
[Site "chess.com INT"]
[Date "2020.01.29"]
[Round "4"]
[White "Gupta, Abhijeet"]
[Black "Ipatov, Alexander"]
[Result "1-0"]
[WhiteTitle "GM"]
[BlackTitle "GM"]
[WhiteElo "2603"]
[BlackElo "2631"]
[WhiteTeam "India Yogis"]
[BlackTeam "Turkey Knights"]
[WhiteFideId "5010608"]
[BlackFideId "14116731"]
[EventDate "2020.01.06"]

1. d4 Nf6 2. c4 e6 3. Nf3 d5 4. g3 Bb4+ 5. Nbd2 O-O 6. Bg2 b6 7. O-O Bb7 8. cxd5
exd5 9. Ne5 Be7 10. b3 c5 11. Bb2 Nbd7 12. Ndc4 Ne4 13. Nxd7 Qxd7 14. dxc5 Nxc5
15. Ne5 Qe6 16. Nf3 Ne4 17. Nd4 Qg6 18. Rc1 Rac8 19. Qd3 Bf6 20. Bh3 Rxc1 21.
Rxc1 Qh6 22. Bg2 Ba6 23. Qc2 Bg5 24. Nf5 Qg6 25. Bxe4 dxe4 26. Qxe4 Qe6 27. Qg4
h6 28. e4 Rc8 29. Rxc8+ Qxc8 30. Ne7+ 1-0

[Event "PRO League Group Stage"]
[Site "chess.com INT"]
[Date "2020.01.29"]
[Round "4"]
[White "Steinberg, Nitzan"]
[Black "Andriasian, Zaven"]
[Result "0-1"]
[WhiteTitle "GM"]
[BlackTitle "GM"]
[WhiteElo "2542"]
[BlackElo "2611"]
[WhiteTeam "Israel Counsellors"]
[BlackTeam "Armenia Eagles"]
[WhiteFideId "2801795"]
[BlackFideId "13302000"]
[EventDate "2020.01.06"]

1. e4 e5 2. Nf3 Nc6 3. Bb5 a6 4. Ba4 d6 5. c3 Bd7 6. O-O g6 7. d4 Bg7 8. h3 Nge7
9. d5 Nb8 10. c4 O-O 11. Bc2 h6 12. Nc3 a5 13. a3 Na6 14. Rb1 f5 15. b4 axb4 16.
axb4 f4 17. c5 Bc8 18. cxd6 cxd6 19. Bd3 g5 20. Be2 Ng6 21. Nh2 Nc7 22. Bd2 Nh4
23. Bg4 Ne8 24. Be1 Nf6 25. Bxc8 Rxc8 26. f3 Ng6 27. Kh1 h5 28. Rc1 Qd7 29. Bf2
Rc4 30. Qb3 b5 31. Ne2 Rxc1 32. Rxc1 g4 33. hxg4 hxg4 34. Nxg4 Nxg4 35. fxg4
Qxg4 36. Qf3 Qd7 37. Ng1 Bf6 38. Qh3 Qe7 39. Nf3 Rf7 40. Kg1 Nf8 41. Rc8 Qb7 42.
Qg4+ Rg7 43. Qe6+ Rf7 44. Qg4+ Rg7 45. Qf5 Rf7 46. Qg6+ Bg7 47. Ng5 Qxc8 48.
Nxf7 Qc1+ 49. Kh2 Nxg6 0-1

[Event "PRO League Group Stage"]
[Site "chess.com INT"]
[Date "2020.01.29"]
[Round "4"]
[White "Mikhalevski, Victor"]
[Black "Martirosyan, Haik M."]
[Result "0-1"]
[WhiteTitle "GM"]
[BlackTitle "GM"]
[WhiteElo "2571"]
[BlackElo "2613"]
[WhiteTeam "Israel Counsellors"]
[BlackTeam "Armenia Eagles"]
[WhiteFideId "2801914"]
[BlackFideId "13306553"]
[EventDate "2020.01.06"]

1. d4 d5 2. c4 c6 3. cxd5 cxd5 4. Bg5 Nc6 5. Nc3 Nf6 6. Bxf6 gxf6 7. e3 e6 8.
Bd3 f5 9. Nf3 Bd6 10. O-O O-O 11. Rc1 Bd7 12. Na4 Qe7 13. Nc5 Be8 14. a3 Kh8 15.
b4 Rg8 16. Kh1 f6 17. Nh4 a5 18. b5 Nd8 19. a4 Qg7 20. g3 Qg5 21. f4 Qg7 22. Qf3
b6 23. Nxe6 Nxe6 24. Qxd5 Ba3 25. Nxf5 Qg6 26. Qxe6 Bxc1 27. Ne7 Qf7 28. Qxf7
Bxf7 29. Rxc1 Rge8 30. Rc7 Bb3 31. Kg2 Bxa4 32. Nd5 Re6 33. Kf2 Kg8 34. Rb7 Bb3
35. Nxb6 Rae8 36. Bxh7+ Kh8 37. Bg6 R6e7 38. Rxe7 Rxe7 39. d5 Rb7 40. Nc8 Bxd5
41. e4 Bb3 42. Nd6 Rb6 43. e5 a4 44. Ke3 a3 45. Bb1 fxe5 46. fxe5 Ba4 47. Kd4
Bxb5 48. Kc5 Bd3 49. Bxd3 a2 50. Kxb6 a1=Q 51. e6 Qe1 0-1

[Event "PRO League Group Stage"]
[Site "chess.com INT"]
[Date "2020.01.29"]
[Round "4"]
[White "Sargsyan, Shant"]
[Black "Roiz, Michael"]
[Result "1/2-1/2"]
[WhiteTitle "GM"]
[BlackTitle "GM"]
[WhiteElo "2601"]
[BlackElo "2598"]
[WhiteTeam "Armenia Eagles"]
[BlackTeam "Israel Counsellors"]
[WhiteFideId "13306766"]
[BlackFideId "2804158"]
[EventDate "2020.01.06"]

1. d4 Nf6 2. c4 e6 3. Nf3 d5 4. Nc3 Bb4 5. Bg5 h6 6. Bxf6 Qxf6 7. Qa4+ Nc6 8. e3
O-O 9. Be2 Bd7 10. Qb3 dxc4 11. Qxc4 Qe7 12. O-O Na5 13. Qd3 c5 14. a3 c4 15.
Qc2 Bd6 16. Ne4 Rfc8 17. Rad1 b5 18. Ne5 Rab8 19. f4 Be8 20. Rf3 f6 21. Rg3 Nb7
22. Rf1 Kh8 23. Rff3 f5 24. Nxd6 Nxd6 25. Rh3 b4 26. axb4 Rxb4 27. Rf1 Rcb8 28.
Rb1 Qc7 29. Nd3 R4b5 30. Nc5 Qb6 31. Bxc4 Rxb2 32. Rxb2 Qxb2 33. Qxb2 Rxb2 34.
Bxe6 Rb1+ 35. Kf2 Rb2+ 36. Kg1 Rb1+ 37. Kf2 Rb2+ 38. Kg1 1/2-1/2

[Event "PRO League Group Stage"]
[Site "chess.com INT"]
[Date "2020.01.29"]
[Round "4"]
[White "Davtyan, Artur"]
[Black "Fridman, Daniel"]
[Result "1/2-1/2"]
[WhiteTitle "IM"]
[BlackTitle "GM"]
[WhiteElo "2437"]
[BlackElo "2622"]
[WhiteTeam "Armenia Eagles"]
[BlackTeam "Israel Counsellors"]
[WhiteFideId "13308327"]
[BlackFideId "11600454"]
[EventDate "2020.01.06"]

1. d4 Nf6 2. c4 e6 3. Nf3 d5 4. Nc3 c6 5. e3 a6 6. b3 Bb4 7. Bd2 Nbd7 8. Bd3 O-O
9. Qc2 Bd6 10. O-O h6 11. Rad1 Qe7 12. Rfe1 b6 13. e4 dxc4 14. Bxc4 e5 15. d5 b5
16. Bf1 cxd5 17. exd5 b4 18. Ne4 Nxe4 19. Qxe4 Nf6 20. Qh4 Bg4 21. Be2 e4 22.
Nd4 Bxe2 23. Nxe2 Nxd5 24. Qxe7 Bxe7 25. Bxh6 Nc3 26. Rd7 Nxe2+ 27. Rxe2 Rfd8
28. Rxd8+ Rxd8 29. Bd2 f5 30. f3 Bc5+ 31. Kf1 Rd3 32. fxe4 fxe4 33. Be1 e3 34.
Rc2 Rd5 35. Ke2 Kf7 36. Rc4 a5 37. g4 g5 38. Rc2 Ke6 39. h4 gxh4 40. Bxh4 Kd7
41. Bg3 Rg5 42. Kf3 Rd5 43. Bf4 Bb6 44. Bxe3 Rd3 45. Rd2 Rxd2 46. Bxd2 Ke6 47.
Ke4 Bc5 48. Be3 Be7 49. g5 a4 50. bxa4 Bxg5 51. Bxg5 Kd7 52. Kd5 Kc7 53. Kc5 Kb7
54. Kb5 Ka7 55. a5 Kb7 56. a6+ Ka7 57. Ka5 Ka8 58. Kb6 Kb8 59. Bf4+ Ka8 60. a7
b3 61. axb3 1/2-1/2

[Event "PRO League Group Stage"]
[Site "chess.com INT"]
[Date "2020.01.29"]
[Round "4"]
[White "Livaic, Leon"]
[Black "Tomashevsky, Evgeny"]
[Result "0-1"]
[WhiteTitle "IM"]
[BlackTitle "GM"]
[WhiteElo "2495"]
[BlackElo "2705"]
[WhiteTeam "Croatia Bulldogs"]
[BlackTeam "Russia Wizards"]
[WhiteFideId "14531534"]
[BlackFideId "4147235"]
[EventDate "2020.01.06"]

1. d4 Nf6 2. Bf4 g6 3. Nc3 d5 4. e3 Bg7 5. h4 c6 6. Be2 h6 7. Nf3 Be6 8. Ne5
Nbd7 9. Qd2 a5 10. O-O-O a4 11. Kb1 Nxe5 12. Bxe5 b5 13. a3 Qb6 14. f3 O-O 15.
Na2 c5 16. dxc5 Qxc5 17. Qd4 Qxd4 18. Rxd4 Bd7 19. Nc3 e6 20. Bxb5 Bxb5 21. Nxb5
Nd7 22. Bxg7 Kxg7 23. e4 Nb6 24. Nc3 dxe4 25. fxe4 Rfc8 26. Rb4 Rc6 27. Rd1 Rac8
28. Rd2 Nc4 29. Rf2 Nxa3+ 30. bxa3 Rxc3 31. Rxa4 R8c7 32. Kb2 Rg3 33. Rb4 f5 34.
exf5 gxf5 35. a4 Ra7 36. Re2 Ra6 37. c3 Kf6 38. Kb3 e5 39. Rb5 Rc6 40. Rc2 Ke6
41. a5 Kd6 42. Kb4 f4 43. Rd2+ Kc7 44. c4 e4 45. Rf5 e3 46. Rd4 e2 47. Rf7+ Kc8
48. Rf8+ Kc7 49. Rf7+ Kb8 50. Rd8+ Rc8 0-1

[Event "PRO League Group Stage"]
[Site "chess.com INT"]
[Date "2020.01.29"]
[Round "4"]
[White "Le, Tuan Minh"]
[Black "Ponkratov, Pavel"]
[Result "1-0"]
[WhiteTitle "IM"]
[BlackTitle "GM"]
[WhiteElo "2501"]
[BlackElo "2622"]
[WhiteTeam "Croatia Bulldogs"]
[BlackTeam "Russia Wizards"]
[WhiteFideId "12401153"]
[BlackFideId "4157800"]
[EventDate "2020.01.06"]

1. d4 d6 2. Nf3 Nf6 3. g3 b5 4. Bg2 Bb7 5. O-O Nbd7 6. c3 g6 7. a4 a6 8. Qb3 Bd5
9. Qc2 Be4 10. Qb3 Bd5 11. Qc2 Bg7 12. Re1 Be4 13. Qb3 O-O 14. Nbd2 Bd5 15. Qc2
e5 16. e4 Bb7 17. b4 Re8 18. dxe5 Nxe5 19. Nxe5 Rxe5 20. Bb2 Rb8 21. axb5 axb5
22. c4 Re7 23. cxb5 Qe8 24. b6 cxb6 25. f3 Qb5 26. Qc4 Qg5 27. f4 Qh5 28. Bf3
Qh3 29. Qd3 Rbe8 30. Bd4 h5 31. Bg2 Qd7 32. Rad1 b5 33. Re2 h4 34. Rde1 hxg3 35.
hxg3 Qg4 36. Bf2 Nh5 37. Nf1 Qd7 38. Bf3 Nf6 39. Nd2 Qh3 40. Bg2 Qh5 41. Bf3 Ng4
42. Bd4 Qh3 43. Nf1 Bh6 44. Bg2 Qh5 45. Bf3 Bc8 46. Rh2 Nxh2 47. Bxh5 Nxf1 48.
Bd1 Nxg3 49. Qxg3 Rxe4 50. Rxe4 Rxe4 51. Bb3 Bf5 52. Qc3 Rxf4 53. Be3 Rf3 54.
Bxf7+ Kh7 55. Bg8+ Kxg8 56. Qb3+ Kh7 57. Qf7+ Bg7 58. Bd4 Kh6 59. Qxg7+ Kh5 60.
Bf2 Rh3 61. Qh8+ Kg4 62. Qd4+ Kh5 63. Qxd6 Rd3 64. Qe5 Kg4 65. Kg2 g5 66. Be3
Kh5 67. Qh8+ Kg6 68. Qg8+ Kf6 69. Bxg5+ Ke5 70. Qe8+ Kd4 71. Qxb5 Be4+ 72. Kh2
Rf3 73. Qc5+ Kd3 74. Qd6+ Ke2 75. Qd2+ Kf1 76. Be3 Bc2 77. Qc1+ Ke2 78. Qxc2+ 1-0

[Event "PRO League Group Stage"]
[Site "chess.com INT"]
[Date "2020.01.29"]
[Round "4"]
[White "Demidov, Mikhail"]
[Black "Saric, Ante"]
[Result "1-0"]
[WhiteTitle "IM"]
[BlackTitle "GM"]
[WhiteElo "2552"]
[BlackElo "2559"]
[WhiteTeam "Russia Wizards"]
[BlackTeam "Croatia Bulldogs"]
[WhiteFideId "4197143"]
[BlackFideId "14506254"]
[EventDate "2020.01.06"]

1. Nf3 c5 2. e3 g6 3. d4 Bg7 4. d5 e6 5. Nc3 Nf6 6. Bc4 O-O 7. O-O d6 8. e4 exd5
9. Nxd5 Nxd5 10. Bxd5 Nc6 11. c3 Be6 12. Bf4 Ne5 13. Bxe5 Bxe5 14. Qb3 Bxd5 15.
Qxd5 Qe7 16. Rad1 Rad8 17. Rd3 Bf6 18. Nd2 b5 19. a4 a6 20. axb5 axb5 21. Qc6 b4
22. Nc4 bxc3 23. bxc3 d5 24. exd5 Qe2 25. Rfd1 Bxc3 26. Qxc5 Rfe8 27. Ne3 Rc8
28. Qb6 Be1 29. Qf6 Ba5 30. h3 Bd8 31. Qd4 Rb8 32. d6 Bb6 33. Qg4 Qxg4 34. Nxg4
Red8 35. d7 Bc7 36. Nf6+ Kg7 37. Ne8+ Kf8 38. Nxc7 1-0

[Event "PRO League Group Stage"]
[Site "chess.com INT"]
[Date "2020.01.29"]
[Round "4"]
[White "Anisimov, Pavel2"]
[Black "Plat, Vojtech"]
[Result "1/2-1/2"]
[WhiteTitle "GM"]
[BlackTitle "GM"]
[WhiteElo "2527"]
[BlackElo "2589"]
[WhiteTeam "Russia Wizards"]
[BlackTeam "Croatia Bulldogs"]
[WhiteFideId "4135229"]
[BlackFideId "325740"]
[EventDate "2020.01.06"]

1. e4 d6 2. d4 Nf6 3. Nc3 e5 4. Nf3 exd4 5. Nxd4 Be7 6. g3 O-O 7. Bg2 c6 8. a4
a5 9. O-O Na6 10. Re1 Nc5 11. h3 Re8 12. b3 Bf8 13. Bb2 g6 14. Qd2 Bg7 15. Rad1
Bd7 16. Ba3 Qb6 17. Qf4 Rad8 18. Qxd6 Na6 19. Qf4 Nh5 20. Qe3 Bxh3 21. Bxh3 Bxd4
22. Qf3 Nb4 23. Bxb4 Qxb4 24. Ne2 Bc5 25. Bg2 Ng7 26. Nf4 Rxd1 27. Rxd1 Bb6 28.
Rd7 Re7 29. Rxe7 Qxe7 30. Bh3 Ne8 31. Nd3 Bd4 32. Qf4 c5 33. Kg2 Kg7 34. e5 f6
35. exf6+ Nxf6 36. Qf3 g5 37. Bc8 b6 38. Qf5 h6 39. Qf3 Qe4 40. Qxe4 Nxe4 41. f4
Kf6 42. Kf3 Nd6 43. Ba6 Nf7 44. Bc4 Nd6 45. Ba6 Nf7 46. Bc4 Nd6 47. Ba6 1/2-1/2

[Event "PRO League Group Stage"]
[Site "chess.com INT"]
[Date "2020.01.29"]
[Round "4"]
[White "Tomashevsky, Evgeny"]
[Black "Le, Tuan Minh"]
[Result "1/2-1/2"]
[WhiteTitle "GM"]
[BlackTitle "IM"]
[WhiteElo "2705"]
[BlackElo "2501"]
[WhiteTeam "Russia Wizards"]
[BlackTeam "Croatia Bulldogs"]
[WhiteFideId "4147235"]
[BlackFideId "12401153"]
[EventDate "2020.01.06"]

1. c4 c6 2. Nf3 d5 3. e3 Nf6 4. Nc3 a6 5. Qc2 e6 6. d4 c5 7. cxd5 exd5 8. Be2
Nc6 9. Ne5 Qc7 10. Nxc6 Qxc6 11. O-O Bd6 12. dxc5 Qxc5 13. Bd2 O-O 14. Rac1 d4
15. Ne4 Qxc2 16. Nxf6+ gxf6 17. Rxc2 Bf5 18. Rc4 dxe3 19. Bxe3 Rac8 20. Rd1 Be5
21. b3 b5 22. Rxc8 Rxc8 23. g4 Be4 24. f3 Bc2 25. Rd2 f5 26. Rd5 Re8 27. f4 Bf6
28. g5 Bxg5 29. fxg5 Rxe3 30. Kf2 Rh3 31. Kg2 Re3 32. Kf2 Rh3 33. Kg2 Rc3 34.
Rd6 Be4+ 35. Kf2 a5 36. Bxb5 Rc2+ 37. Kg3 Rxa2 1/2-1/2